Green Bay Packers: Top 10 All-Time Leaders - Statistics

General Stats
  • This quiz has been taken 100 times
  • The average score is 21 of 60
Answer Stats
Category # Player Amount % Correct
Passing Yards 2 Aaron Rodgers 59,055
100%
Passing Yards 1 Brett Favre 61,655
100%
Passing Yards 7 Jordan Love 8,634
96%
Passing Yards 3 Bart Starr 24,718
90%
Receiving Yards 4 Davante Adams 8,121
82%
Receiving Yards 6 Jordy Nelson 7,848
82%
Sacks 5 Reggie White 68.5
81%
Receiving Yards 1 Donald Driver 10,137
79%
Rushing Yards 3 Aaron Jones 5,940
73%
Rushing Yards 1 Ahman Green 8,322
68%
Sacks 2 Clay Matthews III 83.5
68%
Receiving Yards 3 Sterling Sharpe 8,134
66%
Receiving Yards 9 Greg Jennings 6,537
61%
Interceptions 2 Willie Wood 48
56%
Tackles 9 Charles Woodson 384
51%
Interceptions T4 Charles Woodson 38
51%
Passing Yards 6 Don Majkowski 10,870
51%
Receiving Yards 5 Don Hutson 7,991
47%
Interceptions T9 Don Hutson 30
47%
Receiving Yards 8 Antonio Freeman 6,651
32%
Passing Yards 4 Lynn Dickey 21,369
31%
Rushing Yards 10 Paul Hornung 3,711
31%
Rushing Yards 2 Jim Taylor 8,207
29%
Tackles 2 A.J. Hawk 629
27%
Tackles 6 Tramon Williams 461
27%
Interceptions T9 Tramon Williams 30
27%
Sacks 10 Clarence Williams 51.0
26%
Receiving Yards 2 James Lofton 9,656
26%
Tackles 10 Tyrone Williams 373
26%
Interceptions 3 Herb Adderley 39
23%
Rushing Yards 6 Ryan Grant 4,143
23%
Passing Yards 5 Tobin Rote 11,535
23%
Passing Yards 9 Arnie Herber 6,749
21%
Sacks 3 Ezra Johnson 82.0
19%
Tackles 5 Darren Sharper 475
18%
Interceptions 6 Darren Sharper 36
18%
Sacks 9 Aaron Kampman 54.0
17%
Interceptions 1 Bobby Dillon 52
17%
Receiving Yards 7 Boyd Dowler 6,918
17%
Tackles 8 Tim Harris 422
17%
Sacks 8 Tim Harris 55.0
17%
Sacks 1 Willie Davis 99.5
17%
Tackles 1 LeRoy Butler 720
16%
Interceptions T4 LeRoy Butler 38
16%
Rushing Yards 7 Dorsey Levens 3,937
14%
Rushing Yards 4 John Brockington 5,024
14%
Sacks 4 Kabeer Gbaja-Biamila 74.5
14%
Receiving Yards 10 Max McGee 6,346
14%
Rushing Yards 8 Clarke Hinkle 3,860
13%
Sacks 7 Henry Jordan 59.5
13%
Passing Yards 10 David Whitehurst 6,205
12%
Tackles 4 Morgan Burnett 497
12%
Passing Yards 8 Randy Wright 7,106
12%
Rushing Yards 5 Tony Canadeo 4,197
12%
Interceptions 8 Mark Lee 31
10%
Tackles 3 Nick Barnett 575
10%
Rushing Yards 9 Gerry Ellis 3,826
8%
Interceptions 7 Irv Comp 34
8%
Sacks 6 Lionel Aldridge 62.0
8%
Tackles 7 George Koonce 434
5%
No matching quizzes found
Score Distribution
Percent of People with Each Score
Percentile by Number Answered
Your Score History
You have not taken this quiz